| 000 | 00691nam a2200217Ia 4500 | ||
|---|---|---|---|
| 003 | OSt | ||
| 005 | 20201211201406.0 | ||
| 008 | 191128s1975 ck fr 000 0 spa d | ||
| 040 |
_aCO-JMCR _cCO-JMCR |
||
| 041 | 0 | _aspa | |
| 082 | 0 | 4 |
_a335.412 / _bM271i _223 |
| 100 | 1 |
_aMandel, Ernest, _eautor _96327 |
|
| 245 | 1 | 0 |
_aIntroducción a la teoría económica marxista / _cErnest Mandel |
| 250 | _a4a. edición | ||
| 260 |
_aBogotá : _bTupac-Amaru, _c1975 |
||
| 300 |
_a112 páginas ; _c18 cm. |
||
| 505 | 0 | _aLa teoria del valor y la plusvalia -- El capital y el capitalismo -- El neo-capitalismo | |
| 650 | 1 | 4 |
_aMarxismo _96328 |
| 650 | 1 | 4 |
_aEconomía planificada _96260 |
| 942 |
_2ddc _cBK |
||
| 999 |
_c4140 _d4140 |
||